Vplyv pandémie COVID-19 na maloobchod a spotrebiteľské správanie diplomová práca

Gespeichert in:
Bibliographische Detailangaben
1. Verfasser: Borisavljevičová, Dragana
Körperschaft: Obchodná fakulta EU. Katedra marketingu
Weitere Verfasser: Francová, Zuzana, 1971-
Format: Buch
Sprache:Slowakisch
Veröffentlicht: Bratislava 2022
Tags: Tag hinzufügen
Keine Tags, Fügen Sie das erste Tag hinzu!

MARC

LEADER 00000nbm a2200000 4500
001 0284315
005 20221130083527.8
041 0 |a slo 
044 |a SK 
245 1 0 |a Vplyv pandémie COVID-19 na maloobchod a spotrebiteľské správanie  |b diplomová práca  |c Dragana Borisavljevičová ; školiteľ: Zuzana Francová 
264 1 |a Bratislava  |c 2022 
300 |a 81 s. 
100 1 |a Borisavljevičová, Dragana 
700 1 |a Francová, Zuzana, 1971- 
710 2 |a Obchodná fakulta EU. Katedra marketingu